Bible pro manažery

Salvato in:
Dettagli Bibliografici
Autore principale: Parkinson, C. Northcote
Altri autori: Rustomji, M.K, Menzel, Jindřich
Natura: Libro
Lingua:ceco
Pubblicazione: Praha Top Agency 1992
Edizione:1. vyd.
Soggetti:
Tags: Aggiungi Tag
Nessun Tag, puoi essere il primo ad aggiungerne!!

MARC

LEADER 00000nam a2200000 4500
001 c000991
005 20221214085319.8
041 0 |a cze 
044 |a CZ 
245 1 0 |a Bible pro manažery  |c C. Northcote Parkinson, M.K. Rustomji ; Prekl. Jindřich Menzel 
250 |a 1. vyd. 
264 1 |a Praha  |b Top Agency  |c 1992 
300 |a 85 s. 
610 2 0 |a riadenie podnikové 
610 2 0 |a práca tímová 
610 2 0 |a náklady 
610 2 0 |a vzťahy medziľudské 
610 2 0 |a zvyšovanie kvalifikácie 
610 2 0 |a právomoc 
610 2 0 |a schôdze 
610 2 0 |a manažéri 
100 1 |a Parkinson, C. Northcote 
700 1 |a Rustomji, M.K. 
700 1 |a Menzel, Jindřich